000 00735nam a2200265Ia 4500
005 20260302115704.0
008 008 260114s9999 xx 000 0 eng d
020 _a9798881813987
037 _aTextbook
040 _aCRL
040 _beng
040 _cCRL
041 _2eng
041 _aeng
084 _qCRL
100 _aJohn Alexander Williams, Alexandra Hagen
_91122350
245 0 _aConflict and Survival in Contemporary Western European Film
260 _bBloomsbury
260 _bRowman & Littlefield
260 _c2022
650 _aJournalism & mass Comm
856 _uhttps://doi.org/10.5040/9798881813987?locatt=label:secondary_bloomsburyCollections
942 _cEBOOK
999 _c1687124
_d1687124